[Event "Campeonato España Sub 10"]
[Site "Salobreña"]
[Date "2017.07.03"]
[Round "2"]
[White "Ivorra Ivorra, Angela"]
[Black "Villanueva Marquez, Santiago"]
[Result "0-1"]
[Board "9"]
[WhiteClock "-:--:--"]
[WhiteElo "1280"]
[WhiteCountry "ESP"]
[WhiteFideId "24555886"]
[WhiteEloChange "-4"]
[BlackClock "-:--:--"]
[BlackElo "1517"]
[BlackCountry "ESP"]
[BlackFideId "24560359"]
[BlackEloChange "4"]

1. d4 {�[%clk 1:30:00]} Nf6 {�[%clk 1:30:00]} 2. c4 {�[%clk 1:30:00]} d6 {[%clk
1:30:00]} 3. Nc3 {[%clk 1:30:00]} g6 {[%clk 1:30:00]} 4. e4 {[%clk 1:28:00]} Nbd7
{[%clk 1:30:00]} 5. Bg5 {[%clk 1:23:00]} Bg7 {[%clk 1:29:00]} 6. Bd3 {[%clk
1:20:00]} O-O {[%clk 1:26:00]} 7. Nf3 {[%clk 1:17:00]} c5 {[%clk 1:22:00]} 8. d5
{[%clk 1:15:00]} e6 {[%clk 1:19:00]} 9. O-O {[%clk 1:14:00]} a6 {[%clk 1:18:00]}
10. a4 {[%clk 1:09:00]} Qc7 {[%clk 1:17:00]} 11. Qc2 {[%clk 1:07:00]} Rb8 {[%clk
1:13:00]} 12. Rfe1 {[%clk 1:01:00]} b6 {[%clk 1:12:00]} 13. h3 {[%clk 1:00:00]}
Bb7 {[%clk 1:10:00]} 14. Qd2 {[%clk 0:58:00]} Rfe8 {[%clk 1:08:00]} 15. Rab1
{[%clk 0:56:00]} Ba8 {[%clk 1:06:00]} 16. Ra1 {[%clk 0:56:00]} Rec8 {[%clk
1:04:00]} 17. Rab1 {[%clk 0:55:00]} Nf8 {[%clk 1:01:00]} 18. Bf4 {[%clk 0:52:00]}
Rd8 {[%clk 0:59:00]} 19. e5 {[%clk 0:49:00]} dxe5 {[%clk 0:57:00]} 20. Bxe5
{[%clk 0:49:00]} Qb7 {[%clk 0:56:00]} 21. Bxb8 {[%clk 0:49:00]} Rxb8 {[%clk
0:56:00]} 22. Be4 {[%clk 0:47:00]} Nxe4 {[%clk 0:56:00]} 23. Rxe4 {[%clk
0:43:00]} Rd8 {[%clk 0:55:00]} 24. Rc1 {[%clk 0:38:00]} h6 {[%clk 0:54:00]} 25.
Ne5 {[%clk 0:37:00]} Nh7 {[%clk 0:53:00]} 26. Nc6 {[%clk 0:35:00]} Qxc6 {[%clk
0:53:00]} 27. Qe2 {[%clk 0:30:00]} Qb7 {[%clk 0:53:00]} 28. f3 {[%clk 0:27:00]}
Ng5 {[%clk 0:53:00]} 29. Re3 {[%clk 0:25:00]} Bd4 {[%clk 0:53:00]} 30. dxe6
{[%clk 0:25:00]} Bxe3+ {[%clk 0:53:00]} 31. Qxe3 {[%clk 0:25:00]} fxe6 {[%clk
0:52:00]} 32. h4 {[%clk 0:25:00]} Nf7 {[%clk 0:52:00]} 33. Qxe6 {[%clk 0:25:00]}
Qc6 {[%clk 0:52:00]} 34. Qe7 {[%clk 0:25:00]} Qd7 {[%clk 0:52:00]} 35. Qf6 {[%clk
0:25:00]} Qd4+ {[%clk 0:53:00]} 36. Qxd4 {[%clk 0:26:00]} cxd4 {[%clk 0:52:00]}
37. Ne2 {[%clk 0:26:00]} d3 {[%clk 0:53:00]} 38. Nf4 {[%clk 0:26:00]} d2 {[%clk
0:53:00]} 39. Rd1 {[%clk 0:27:00]} Kh7 {[%clk 0:52:00]} 40. Ne6 {[%clk 0:27:00]}
Re8 {[%clk 0:52:00]} 41. Nc7 {[%clk 0:27:00]} Re1+ {[%clk 0:52:00]} 42. Rxe1
{[%clk 0:27:00]} dxe1Q+ {[%clk 0:52:00]} 0-1

[Event "Campeonato España Sub 10"]
[Site "Salobreña"]
[Date "2017.07.03"]
[Round "2"]
[White "Villagordo Espinosa, Carlos"]
[Black "Serrano Almendros, Angel"]
[Result "0-1"]
[Board "10"]
[WhiteClock "-:--:--"]
[WhiteElo "1527"]
[WhiteCountry "ESP"]
[WhiteFideId "24528943"]
[WhiteEloChange "-16"]
[BlackClock "-:--:--"]
[BlackElo "1269"]
[BlackCountry "ESP"]
[BlackFideId "24561584"]
[BlackEloChange "16"]

1. c4 {[%clk 1:30:00]} e5 {[%clk 1:30:00]} 2. Nc3 {[%clk 1:31:00]} Nf6 {[%clk
1:29:00]} 3. e4 {[%clk 1:31:00]} Nc6 {[%clk 1:29:00]} 4. g3 {[%clk 1:31:00]} Bc5
{[%clk 1:27:00]} 5. Bg2 {[%clk 1:31:00]} d6 {[%clk 1:25:00]} 6. Nge2 {[%clk
1:31:00]} Be6 {[%clk 1:24:00]} 7. d3 {[%clk 1:31:00]} Nd7 {[%clk 1:24:00]} 8. Na4
{[%clk 1:29:00]} a6 {[%clk 1:22:00]} 9. Nxc5 {[%clk 1:29:00]} Nxc5 {[%clk
1:22:00]} 10. O-O {[%clk 1:29:00]} O-O {[%clk 1:19:00]} 11. f4 {[%clk 1:28:00]}
Bg4 {[%clk 1:18:00]} 12. f5 {[%clk 1:28:00]} Nd4 {[%clk 1:18:00]} 13. Rf2 {[%clk
1:27:00]} Nxe2+ {[%clk 1:18:00]} 14. Rxe2 {[%clk 1:28:00]} Bxe2 {[%clk 1:17:00]}
15. Qxe2 {[%clk 1:28:00]} c6 {[%clk 1:16:00]} 16. Be3 {[%clk 1:28:00]} b5 {[%clk
1:16:00]} 17. d4 {[%clk 1:28:00]} Nd7 {[%clk 1:15:00]} 18. d5 {[%clk 1:27:00]}
Qc7 {[%clk 1:12:00]} 19. Rc1 {[%clk 1:27:00]} c5 {[%clk 1:11:00]} 20. cxb5 {[%clk
1:27:00]} axb5 {[%clk 1:12:00]} 21. Qxb5 {[%clk 1:27:00]} Rfb8 {[%clk 1:11:00]}
22. Qe2 {[%clk 1:26:00]} Rxa2 {[%clk 1:11:00]} 23. Qh5 {[%clk 1:22:00]} Rbxb2
{[%clk 1:11:00]} 24. Bf1 {[%clk 1:22:00]} Rxh2 {[%clk 1:09:00]} 25. Qxh2 {[%clk
1:21:00]} Rxh2 {[%clk 1:09:00]} 26. Kxh2 {[%clk 1:22:00]} Nf6 {[%clk 1:10:00]}
27. Ra1 {[%clk 1:20:00]} h6 {[%clk 1:10:00]} 28. Re1 {[%clk 1:19:00]} Qa5 {[%clk
1:09:00]} 29. Re2 {[%clk 1:19:00]} Qb4 {[%clk 1:08:00]} 30. Bd2 {[%clk 1:19:00]}
Qd4 {[%clk 1:07:00]} 31. Bg2 {[%clk 1:17:00]} Qd3 {[%clk 1:05:00]} 32. Bf3 {[%clk
1:10:00]} Qxf3 {[%clk 1:05:00]} 0-1

[Event "Campeonato España Sub 10"]
[Site "Salobreña"]
[Date "2017.07.03"]
[Round "2"]
[White "Ibanez Macias, Julen"]
[Black "Herranz Suarez, David"]
[Result "0-1"]
[Board "11"]
[WhiteClock "-:--:--"]
[WhiteElo "1258"]
[WhiteCountry "ESP"]
[WhiteFideId "24595942"]
[WhiteEloChange "-4"]
[BlackClock "-:--:--"]
[BlackElo "1502"]
[BlackCountry "ESP"]
[BlackFideId "24591211"]
[BlackEloChange "4"]

1. e4 {[%clk 1:30:30]} c5 {[%clk 1:30:30]} 2. Nf3 {[%clk 1:30:30]} Nc6 {[%clk
1:30:30]} 3. Bc4 {[%clk 1:30:30]} Nf6 {[%clk 1:30:30]} 4. e5 {[%clk 1:30:30]} Ng4
{[%clk 1:30:30]} 5. Bxf7+ {[%clk 1:30:30]} Kxf7 {[%clk 1:30:30]} 6. Ng5+ {[%clk
1:30:30]} Ke8 {[%clk 1:30:30]} 7. Qxg4 {[%clk 1:30:30]} Nxe5 {[%clk 1:30:30]} 8.
Qf4 {[%clk 1:30:30]} d6 {[%clk 1:30:30]} 9. Nc3 {[%clk 1:30:30]} g6 {[%clk
1:30:30]} 10. d3 {[%clk 1:30:30]} Bg7 {[%clk 1:30:30]} 11. Bd2 {[%clk 1:30:30]}
Rf8 {[%clk 1:30:30]} 12. Qh4 {[%clk 1:30:30]} h6 {[%clk 1:30:30]} 13. Nge4 {[%clk
1:30:30]} g5 {[%clk 1:30:30]} 14. Qh5+ {[%clk 1:30:30]} Rf7 {[%clk 1:30:30]} 15.
O-O-O {[%clk 1:30:30]} Bg4 {[%clk 1:30:30]} 16. Qxf7+ {[%clk 1:30:30]} Kxf7
{[%clk 1:30:30]} 17. g3 {[%clk 1:30:30]} Bxd1 {[%clk 1:30:30]} 0-1

[Event "Campeonato España Sub 10"]
[Site "Salobreña"]
[Date "2017.07.03"]
[Round "2"]
[White "Llamas Martinez, Pablo"]
[Black "Gonzalez Fernandez, Manuel Jesus"]
[Result "1-0"]
[Board "12"]
[WhiteClock "-:--:--"]
[WhiteElo "1453"]
[WhiteCountry "ESP"]
[WhiteFideId "24544582"]
[WhiteEloChange "5"]
[BlackClock "-:--:--"]
[BlackElo "1259"]
[BlackCountry "ESP"]
[BlackFideId "24561878"]
[BlackEloChange "-5"]

1. e4 {[%clk 1:30:00]} e6 {[%clk 1:30:00]} 2. d4 {[%clk 1:30:00]} d5 {[%clk
1:30:00]} 3. e5 {[%clk 1:30:00]} c5 {[%clk 1:31:00]} 4. c3 {[%clk 1:30:00]} Nc6
{[%clk 1:30:00]} 5. Nf3 {[%clk 1:30:00]} Qb6 {[%clk 1:30:00]} 6. a3 {[%clk
1:28:00]} Nh6 {[%clk 1:26:00]} 7. b4 {[%clk 1:22:00]} cxd4 {[%clk 1:25:00]} 8.
cxd4 {[%clk 1:21:00]} Nf5 {[%clk 1:17:00]} 9. Be3 {[%clk 1:17:00]} f6 {[%clk
1:15:00]} 10. exf6 {[%clk 1:16:00]} gxf6 {[%clk 1:15:00]} 11. Nc3 {[%clk
1:16:00]} Nxe3 {[%clk 1:15:00]} 12. fxe3 {[%clk 1:16:00]} Bh6 {[%clk 1:15:00]}
13. Qd2 {[%clk 1:16:00]} O-O {[%clk 1:14:00]} 14. Bd3 {[%clk 0:53:00]} Ne7 {[%clk
1:13:00]} 15. O-O {[%clk 0:44:00]} e5 {[%clk 1:13:00]} 16. Na4 {[%clk 0:38:00]}
Qd6 {[%clk 1:10:00]} 17. Bc2 {[%clk 0:27:00]} b6 {[%clk 1:08:00]} 18. Bb3 {[%clk
0:25:00]} Bb7 {[%clk 1:06:00]} 19. Nc3 {[%clk 0:24:00]} e4 {[%clk 1:05:00]} 20.
Nh4 {[%clk 0:19:59]} Qe6 {9[%clk 1:03:00]} 21. Rf2 {[%clk 0:19:48]} Rf7 {8[%clk
1:03:00]} 22. Raf1 {[%clk 0:19:46]} Raf8 {4[%clk 1:03:00]} 23. Nf5 {[%clk
0:19:55]} Rd8 {][%clk 1:01:00]} 24. Nxh6+ {[%clk 0:20:00]} Kg7 {[%clk 1:01:00]}
25. Nxf7 {[%clk 0:20:00]} Qxf7 {[%clk 1:01:00]} 26. Nxe4 {[%clk 0:20:00]} f5
{[%clk 1:01:00]} 27. Ng3 {[%clk 0:20:00]} Rg8 {[%clk 1:01:00]} 28. Nxf5+ {[%clk
0:20:00]} Nxf5 {[%clk 1:01:00]} 29. Rxf5 {[%clk 0:20:00]} Qg6 {[%clk 1:02:00]}
30. Bxd5 {[%clk 0:19:50]} Bxd5 {0[%clk 1:02:00]} 31. Rxd5 {0[%clk 0:20:00]} Kh8
{0[%clk 1:02:00]} 32. Rdf5 {[%clk 0:19:53]} Qg7 {5[%clk 1:02:00]} 33. d5 {[%clk
0:19:57]} b5 {7[%clk 1:03:00]} 34. Qd4 {7[%clk 0:20:00]} Qxd4 {7[%clk 1:02:00]}
35. exd4 {7[%clk 0:20:00]} Kg7 {[%clk 1:03:00]} 36. Rg5+ {[%clk 0:20:00]} Kh8
{[%clk 1:03:00]} 37. Rxg8+ {[%clk 0:20:00]} Kxg8 {[%clk 1:03:00]} 38. d6 {[%clk
0:21:00]} h5 {[%clk 1:04:00]} 39. d7 {[%clk 0:21:00]} 1-0

[Event "Campeonato España Sub 10"]
[Site "Salobreña"]
[Date "2017.07.03"]
[Round "2"]
[White "Del Prado Rodriguez, Xulio"]
[Black "Sureda Gonzalez, Cristina"]
[Result "1-0"]
[Board "13"]
[WhiteClock "-:--:--"]
[WhiteElo "1444"]
[WhiteCountry "ESP"]
[WhiteFideId "24544418"]
[WhiteEloChange "5"]
[BlackClock "-:--:--"]
[BlackElo "1240"]
[BlackCountry "ESP"]
[BlackFideId "24560960"]
[BlackEloChange "-5"]

1. c4 {0[%clk 1:30:00]} c5 {0[%clk 1:30:00]} 2. Nc3 {0[%clk 1:31:00]} Nc6 {[%clk
1:30:00]} 3. g3 {[%clk 1:31:00]} g6 {[%clk 1:30:00]} 4. Bg2 {[%clk 1:32:00]} Bg7
{[%clk 1:30:00]} 5. Nf3 {[%clk 1:32:00]} Nf6 {[%clk 1:30:00]} 6. O-O {[%clk
1:32:00]} O-O {[%clk 1:30:00]} 7. d3 {[%clk 1:33:00]} d6 {[%clk 1:30:00]} 8. a3
{[%clk 1:33:00]} Re8 {[%clk 1:25:00]} 9. Bd2 {[%clk 1:33:00]} Bd7 {[%clk
1:26:00]} 10. Rb1 {[%clk 1:34:00]} a6 {[%clk 1:24:00]} 11. b4 {[%clk 1:34:00]}
cxb4 {[%clk 1:23:00]} 12. axb4 {[%clk 1:34:00]} Rb8 {[%clk 1:23:00]} 13. b5
{[%clk 1:33:00]} axb5 {[%clk 1:23:00]} 14. Nxb5 {[%clk 1:33:00]} Ng4 {[%clk
1:21:00]} 15. Bc3 {[%clk 1:32:00]} Nce5 {[%clk 1:21:00]} 16. Nxe5 {[%clk
1:30:00]} Nxe5 {[%clk 1:21:00]} 17. Qc2 {[%clk 1:30:00]} Ng4 {[%clk 1:20:00]} 18.
Bxg7 {[%clk 1:30:00]} Kxg7 {[%clk 1:20:00]} 19. Qc3+ {[%clk 1:26:00]} Kg8 {[%clk
1:20:00]} 20. h3 {[%clk 1:22:00]} Nf6 {[%clk 1:19:00]} 21. Rfd1 {[%clk 1:22:00]}
Qc8 {[%clk 1:19:00]} 22. Kh2 {[%clk 1:22:00]} Qc5 {[%clk 1:19:00]} 23. d4 {[%clk
1:22:00]} Qh5 {[%clk 1:19:00]} 24. Qf3 {[%clk 1:22:00]} Ng4+ {[%clk 1:19:00]} 25.
Kg1 {[%clk 1:22:00]} Nf6 {[%clk 1:19:00]} 26. Qxh5 {[%clk 1:22:00]} Nxh5 {[%clk
1:19:00]} 27. Rb4 {[%clk 1:22:00]} Rec8 {[%clk 1:19:00]} 28. h4 {[%clk 1:18:00]}
b6 {[%clk 1:11:00]} 29. Rdb1 {[%clk 1:18:00]} Bxb5 {[%clk 1:11:00]} 30. cxb5
{[%clk 1:18:00]} Nf6 {[%clk 1:11:00]} 31. Bc6 {[%clk 1:18:00]} Ne8 {[%clk
1:10:00]} 32. Ra1 {[%clk 1:17:00]} Ng7 {[%clk 1:09:00]} 33. Ra7 {[%clk 1:17:00]}
e5 {[%clk 1:09:00]} 34. d5 {[%clk 1:16:00]} Ne8 {[%clk 1:08:00]} 35. e4 {[%clk
1:16:00]} Rc7 {[%clk 1:07:00]} 36. Rxc7 {[%clk 1:15:00]} Nxc7 {[%clk 1:08:00]}
37. Rc4 {[%clk 1:16:00]} Kf8 {[%clk 1:07:00]} 38. g4 {[%clk 1:14:00]} h5 {[%clk
1:07:00]} 39. g5 {[%clk 1:14:00]} Ke7 {[%clk 1:06:00]} 40. Kg2 {[%clk 1:13:00]}
Kd8 {[%clk 1:06:00]} 41. Rc3 {[%clk 1:13:00]} Ne8 {[%clk 1:04:00]} 42. Kg3 {[%clk
1:13:00]} Rc8 {[%clk 1:04:00]} 43. Ra3 {[%clk 1:12:00]} f6 {[%clk 1:02:00]} 44.
Rf3 {[%clk 1:11:00]} fxg5 {[%clk 1:02:00]} 45. hxg5 {[%clk 1:11:00]} Ke7 {[%clk
1:03:00]} 46. Kh4 {[%clk 1:11:00]} Rc7 {[%clk 1:02:00]} 47. Ra3 {[%clk 1:10:00]}
Rc8 {[%clk 1:00:00]} 48. Ra7+ {[%clk 1:08:00]} Kf8 {[%clk 1:00:00]} 49. Rb7
{[%clk 1:08:00]} Rc7 {[%clk 0:59:00]} 50. Rxb6 {[%clk 1:09:00]} Rc8 {[%clk
0:59:00]} 51. Bxe8 {[%clk 1:06:00]} Kxe8 {[%clk 0:59:00]} 52. Rxd6 {[%clk
1:07:00]} Rb8 {[%clk 0:59:00]} 53. Rxg6 {[%clk 1:07:00]} Rxb5 {[%clk 1:00:00]}
54. Re6+ {[%clk 1:07:00]} Kf7 {[%clk 0:59:00]} 55. Rxe5 {[%clk 1:08:00]} Kg6
{[%clk 0:59:00]} 56. Re6+ {[%clk 1:08:00]} Kf7 {[%clk 1:08:00]} 57. Kxh5 {[%clk
1:08:00]} Rb8 {[%clk 1:08:00]} 58. g6+ {[%clk 1:08:00]} Kg7 {[%clk 1:08:00]} 59.
Re7+ {[%clk 1:08:00]} Kf6 {[%clk 1:08:00]} 60. Rf7+ {[%clk 1:08:00]} Ke5 {[%clk
1:08:00]} 61. g7 {[%clk 1:08:00]} Rg8 {[%clk 1:08:00]} 62. Kg6 {[%clk 1:08:00]}
Kxe4 {[%clk 1:08:00]} 63. Rf8 {[%clk 1:08:00]} Rxg7+ {[%clk 1:08:00]} 64. Kxg7
{[%clk 1:08:00]} Kxd5 {[%clk 1:08:00]} 65. Re8 {[%clk 1:08:00]} Kd6 {[%clk
1:08:00]} 66. f4 {[%clk 1:08:00]} Kd7 {[%clk 1:08:00]} 67. f5 {[%clk 1:08:00]}
Kxe8 {[%clk 1:08:00]} 68. f6 {[%clk 1:08:00]} Kd7 {[%clk 1:08:00]} 69. f7 {[%clk
1:08:00]} Ke6 {[%clk 1:08:00]} 70. f8Q {[%clk 1:08:00]} Ke5 {[%clk 1:08:00]} 71.
Qd8 {[%clk 1:08:00]} Ke6 {[%clk 1:08:00]} 72. Qa5 {[%clk 1:08:00]} Ke7 {[%clk
1:08:00]} 73. Qb6 {[%clk 1:08:00]} Kd7 {[%clk 1:08:00]} 74. Kf6 {[%clk 1:08:00]}
Kc8 {[%clk 1:08:00]} 75. Qa7 {[%clk 1:08:00]} Kd8 {[%clk 1:08:00]} 76. Ke6 {[%clk
1:08:00]} Kc8 {[%clk 1:08:00]} 77. Kd6 {[%clk 1:08:00]} Kd8 {[%clk 1:08:00]} 78.
Qd7# {[%clk 1:08:00]} 1-0

[Event "Campeonato España Sub 10"]
[Site "Salobreña"]
[Date "2017.07.03"]
[Round "2"]
[White "Moreno Diepa, Diego"]
[Black "Fernandez Rosado, Roberto"]
[Result "1/2-1/2"]
[Board "14"]
[WhiteClock "-:--:--"]
[WhiteElo "1251"]
[WhiteCountry "ESP"]
[WhiteFideId "24562440"]
[WhiteEloChange "5"]
[BlackClock "-:--:--"]
[BlackElo "1436"]
[BlackCountry "ESP"]
[BlackFideId "24594016"]
[BlackEloChange "-5"]

1. e4 {[%clk 1:30:00]} e5 {[%clk 1:30:00]} 2. Nf3 {[%clk 1:31:00]} Nc6 {[%clk
1:31:00]} 3. d4 {[%clk 1:31:00]} exd4 {[%clk 1:31:00]} 4. Nxd4 {[%clk 1:31:00]}
Bc5 {[%clk 1:32:00]} 5. Be3 {[%clk 1:32:00]} Qf6 {[%clk 1:32:00]} 6. c3 {[%clk
1:32:00]} Nge7 {[%clk 1:32:00]} 7. Bb5 {[%clk 1:32:00]} Nxd4 {[%clk 1:32:00]} 8.
cxd4 {[%clk 1:32:00]} Bb4+ {[%clk 1:32:00]} 9. Nc3 {[%clk 1:32:00]} Qg6 {[%clk
1:32:00]} 10. Qf3 {[%clk 1:32:00]} c6 {[%clk 1:32:00]} 11. Bc4 {[%clk 1:32:00]}
O-O {[%clk 1:32:00]} 12. O-O {[%clk 1:33:00]} d6 {[%clk 1:31:00]} 13. h3 {[%clk
1:33:00]} Kh8 {[%clk 1:31:00]} 14. Ne2 {[%clk 1:33:00]} f5 {[%clk 1:29:00]} 15.
e5 {[%clk 1:32:00]} d5 {[%clk 1:29:00]} 16. Bd3 {[%clk 1:32:00]} Qf7 {[%clk
1:29:00]} 17. Nf4 {[%clk 1:32:00]} Ng6 {[%clk 1:29:00]} 18. a3 {[%clk 1:30:00]}
Nxf4 {[%clk 1:28:00]} 19. Bxf4 {[%clk 1:30:00]} Be7 {[%clk 1:28:00]} 20. Rfe1
{[%clk 1:30:00]} Be6 {[%clk 1:29:00]} 21. Qg3 {[%clk 1:29:00]} Rac8 {[%clk
1:28:00]} 22. Rac1 {[%clk 1:27:00]} c5 {[%clk 1:28:00]} 23. dxc5 {[%clk 1:27:00]}
Bxc5 {[%clk 1:29:00]} 24. b4 {[%clk 1:27:00]} Bb6 {[%clk 1:29:00]} 25. Rxc8
{[%clk 1:27:00]} Rxc8 {[%clk 1:29:00]} 26. Rc1 {[%clk 1:27:00]} Rxc1+ {[%clk
1:29:00]} 27. Bxc1 {[%clk 1:28:00]} Qc7 {[%clk 1:29:00]} 28. Qg5 {[%clk 1:28:00]}
h6 {[%clk 1:28:00]} 29. Qf4 {[%clk 1:27:00]} g5 {[%clk 1:28:00]} 30. Qd2 {[%clk
1:27:00]} Qxe5 {[%clk 1:29:00]} 31. Bb2 {[%clk 1:27:00]} d4 {[%clk 1:29:00]} 32.
Qc2 {[%clk 1:26:00]} Bc7 {[%clk 1:28:00]} 33. Kf1 {[%clk 1:26:00]} a5 {[%clk
1:28:00]} 34. Bc4 {[%clk 1:26:00]} Bd7 {[%clk 1:28:00]} 35. Qd2 {[%clk 1:26:00]}
Kh7 {[%clk 1:28:00]} 36. Qxd4 {[%clk 1:26:00]} Qxd4 {[%clk 1:28:00]} 37. Bxd4
{[%clk 1:26:00]} axb4 {[%clk 1:28:00]} 38. axb4 {[%clk 1:26:00]} Bc6 {[%clk
1:28:00]} 39. Bd3 {[%clk 1:26:00]} Be4 {[%clk 1:28:00]} 40. Bxe4 {[%clk 1:26:00]}
fxe4 {[%clk 1:28:00]} 41. Ke2 {[%clk 1:26:00]} Kg6 {[%clk 1:28:00]} 42. g3 {[%clk
1:26:00]} Bd6 {[%clk 1:28:00]} 43. b5 {[%clk 1:26:00]} h5 {[%clk 1:28:00]} 44.
Ke3 {[%clk 1:26:00]} Kf5 {[%clk 1:22:00]} 45. g4+ {[%clk 1:24:00]} hxg4 {[%clk
1:23:00]} 46. hxg4+ {[%clk 1:25:00]} Kxg4 {[%clk 1:23:00]} 47. Kxe4 {[%clk
1:25:00]} Bh2 {[%clk 1:23:00]} 48. f3+ {[%clk 1:25:00]} Kh5 {[%clk 1:21:00]} 49.
Be3 {[%clk 1:25:00]} Kh4 {[%clk 1:21:00]} 50. Kf5 {[%clk 1:25:00]} Kg3 {[%clk
1:21:00]} 51. Bxg5 {[%clk 1:25:00]} Kxf3 {[%clk 1:21:00]} 52. Ke6 {[%clk
1:25:00]} Ke4 {[%clk 1:21:00]} 53. Kd7 {[%clk 1:25:00]} Kd5 {[%clk 1:21:00]} 54.
Bd8 {[%clk 1:25:00]} Ke5 {[%clk 1:21:00]} 55. b6 {[%clk 1:25:00]} Kd5 {[%clk
1:21:00]} 56. Kc8 {[%clk 1:25:00]} 1/2-1/2

[Event "Campeonato España Sub 10"]
[Site "Salobreña"]
[Date "2017.07.03"]
[Round "2"]
[White "Cuesta Moscoso, Alvaro"]
[Black "Horcajuelo Rocamora, Martin"]
[Result "0-1"]
[Board "16"]
[WhiteClock "-:--:--"]
[WhiteElo "1249"]
[WhiteCountry "ESP"]
[WhiteFideId "24544205"]
[WhiteEloChange "-5"]
[BlackClock "-:--:--"]
[BlackElo "1421"]
[BlackCountry "ESP"]
[BlackFideId "24573027"]
[BlackEloChange "5"]

1. e4 {[%clk 1:30:00]} e5 {[%clk 1:30:00]} 2. Nf3 {[%clk 1:31:00]} Nc6 {[%clk
1:31:00]} 3. Bc4 {[%clk 1:31:00]} Bc5 {[%clk 1:31:00]} 4. d3 {[%clk 1:32:00]} h6
{[%clk 1:31:00]} 5. c3 {[%clk 1:32:00]} Nf6 {[%clk 1:31:00]} 6. O-O {[%clk
1:30:00]} d6 {[%clk 1:31:00]} 7. Bb3 {[%clk 1:31:00]} O-O {[%clk 1:31:00]} 8.
Nbd2 {[%clk 1:31:00]} Bb6 {[%clk 1:30:00]} 9. Re1 {[%clk 1:30:00]} Ne7 {[%clk
1:30:00]} 10. Bc2 {[%clk 1:28:00]} Ng6 {[%clk 1:30:00]} 11. Nf1 {[%clk 1:28:00]}
Ng4 {[%clk 1:30:00]} 12. Re2 {[%clk 1:27:00]} f5 {[%clk 1:30:00]} 13. h3 {[%clk
1:19:00]} fxe4 {[%clk 1:24:00]} 14. dxe4 {[%clk 1:16:00]} Nf6 {[%clk 1:24:00]}
15. Ng3 {[%clk 1:10:00]} Nh7 {[%clk 1:24:00]} 16. Be3 {[%clk 1:10:00]} Kh8 {[%clk
1:13:00]} 17. Qd2 {[%clk 0:55:00]} Bxe3 {[%clk 1:12:00]} 18. Qxe3 {[%clk
0:54:00]} Be6 {[%clk 1:11:00]} 19. Nh5 {[%clk 0:50:00]} Rf7 {[%clk 1:10:00]} 20.
Rd2 {[%clk 0:41:00]} Nf6 {[%clk 1:07:00]} 21. Ng3 {[%clk 0:37:00]} Qf8 {[%clk
1:04:00]} 22. h4 {[%clk 0:28:00]} Nf4 {[%clk 1:04:00]} 23. Ne2 {[%clk 0:27:00]}
N6h5 {[%clk 1:04:00]} 24. Bb3 {[%clk 0:24:00]} Bxb3 {[%clk 1:03:00]} 25. axb3
{[%clk 0:24:00]} a6 {[%clk 1:02:00]} 26. Rf1 {[%clk 0:21:00]} b6 {[%clk 1:00:00]}
27. Kh2 {[%clk 0:19:04]} Re8 {4[%clk 0:59:00]} 28. g4 {[%clk 0:17:58]} Nxe2
{8[%clk 1:00:00]} 29. Qxe2 {[%clk 0:18:06]} Rxf3 {0[%clk 0:59:00]} 30. gxh5
{[%clk 0:18:27]} Qf4+ {][%clk 0:59:00]} 31. Kg2 {[%clk 0:18:36]} Qg4+ {6[%clk
0:59:00]} 32. Kh2 {[%clk 0:18:41]} Rh3# {[%clk 0:59:00]} 0-1